| Tag |
First Indicator |
Second Indicator |
Subfields |
| LEADER |
00000cam a2200000 4500 |
| 001 |
in00000043760 |
| 005 |
20151007075009.0 |
| 008 |
800612s1922 enkaf 00010 eng |
| 010 |
|
|
|a 22016789
|
| 035 |
|
|
|a (OCoLC)06414974
|
| 035 |
|
|
|9 AAF2458AM
|
| 040 |
|
|
|a DLC
|c TXA
|d UtOrBLW
|
| 049 |
|
|
|a TXAM
|c [18818]
|
| 050 |
|
0 |
|a SF427
|b .L5
|
| 092 |
|
|
|a 636.7
|b L52c
|
| 100 |
1 |
|
|a Leighton, Robert,
|d 1859-1934.
|
| 245 |
1 |
4 |
|a The complete book of the dog /
|c by Robert Leighton; with thirty-two plates.
|
| 264 |
|
1 |
|a London,
|a New York [etc.] :
|b Cassell and company, ltd.,
|c 1922.
|
| 300 |
|
|
|a xv, 384 pages :
|b frontispiece, illustrations, plates. ;
|c 22 cm.
|
| 336 |
|
|
|a text
|b txt
|2 rdacontent
|
| 337 |
|
|
|a unmediated
|b n
|2 rdamedia
|
| 338 |
|
|
|a volume
|b nc
|2 rdacarrier
|
| 650 |
|
0 |
|a Dogs.
|
| 999 |
|
|
|a MARS
|
| 999 |
f |
f |
|s 2e4c5932-56ba-38ae-89a5-d1fa4f429a0d
|i f135cc56-2be0-35a9-9352-6ea68ae7a0f8
|t 0
|
| 952 |
f |
f |
|p ric
|a Texas A&M University
|b Rellis Campus
|c Joint Library Facility
|d Remote Storage
|t 0
|e SF427 .L5
|h Library of Congress classification
|i unmediated -- volume
|m A14801093443
|
| 998 |
f |
f |
|a SF427 .L5
|t 0
|l Remote Storage
|